000 00577nam a2200217Ia 4500
003 OSt
005 20220928144823.0
006 a|||||r|||| 00| 0
007 ta
008 220927b |||||||| |||| 00| 0 eng d
024 _a76239
037 _cTextual
040 _aSDCL
_cSDCL
_beng
041 _2eng
_aeng
082 _aO-vL:g, L4
100 _aChampion Larry S Ed.
_9509800
245 0 _aQuick springs of sense
_b Studies in the eighteenth century.
260 _c1974
942 _hO-vL:g, L4
_cTEXL
_2CC
999 _c829793
_d829793